Monza Grand Prix Winners - Statistics

General Stats
  • This quiz has been taken 57 times
  • The average score is 53 of 89
Answer Stats
Year Driver 2nd 3rd % Correct
2018 Lewis Hamilton Kimi Raikkonen Valtteri Bottas
100%
2017 Lewis Hamilton Valtteri Bottas Sebastian Vettel
100%
2015 Lewis Hamilton Sebastian Vettel Felipe Massa
100%
2014 Lewis Hamilton Nico Rosberg Felipe Massa
100%
2012 Lewis Hamilton Sergio Perez Fernando Alonso
100%
2023 Max Verstappen Sergio Perez Carlos Sainz Jr
100%
2022 Max Verstappen Charles Leclerc George Russell
100%
2013 Sebastian Vettel Fernando Alonso Mark Webber
100%
2011 Sebastian Vettel Jenson Button Fernando Alosno
100%
2008 Sebastian Vettel Heikki Kovalainen Robert Kubica
100%
2024 Charles Leclerc Oscar Piastri Lando Norris
98%
2019 Charles Leclerc Valtteri Bottas Lewis Hamilton
98%
2010 Fernando Alonso Jenson Button Felipe Massa
96%
2007 Fernando Alonso Lewis Hamilton Kimi Raikkonen
96%
2006 Michael Schumacher Kimi Raikkonen Robert Kubica
96%
2003 Michael Schumacher Juan Pablo Montoya Rubens Barrichelo
96%
2000 Michael Schumacher Mika Hakkinen Ralf Schumacher
96%
1998 Michael Schumacher Eddie Irvine Ralf Schumacher
96%
1996 Michael Schumacher Jean Alesi Mika Hakkinen
96%
2021 Daniel Ricciardo Lando Norris Valtteri Bottas
94%
2016 Nico Rosberg Lewis Hamilton Sebastian Vettel
92%
2020 Pierre Gasly Carlos Sainz Jr Lance Stroll
92%
1992 Ayrton Senna Martin Brundle Michael Schumacher
90%
1990 Ayrton Senna Alain Prost Gerhard Berger
90%
1989 Alain Prost Gerhard Berger Thierry Boutsen
78%
1985 Alain Prost Michele Alboreto Elio de Angelis
78%
1981 Alain Prost Alan Jones Carlos Reutemann
78%
1984 Niki Lauda Michele Alboreto Riccardo Patrese
76%
1978 Niki Lauda John Watson Carlos Reutemann
76%
1994 Damon Hill Gerhard Berger Mika Hakkinen
73%
1993 Damon Hill Jean Alesi Michael Andretti
73%
1962 Graham Hill Richie Ginther Bruce McLaren
73%
1961 Phil Hill Dan Gurney Bruce McLaren
73%
1960 Phil Hill Richie Ginther Willy Mairesse
73%
1972 Emerson Fittipaldi Mike Hailwood Denny Hulme
69%
1969 Jackie Stewart Jochen Rindt Jean-Pierre Beltoise
69%
1965 Jackie Stewart Graham Hill Dan Gurney
69%
1955 Juan Manuel Fangio Piero Taruffi Eugenio Castellotti
69%
1954 Juan Manuel Fangio Mike Hawthorn Maglioli & Gonzalez
69%
1953 Juan Manuel Fangio Giuseppe Farina Luigi Villoresi
69%
1963 Jim Clark Graham Hill Richie Ginther
67%
1991 Nigel Mansell Ayrton Senna Alain Prost
65%
1988 Gerhard Berger Michele Alboreto Eddie Cheever
63%
1952 Alberto Ascari Jose Frolian Gonzalez Luigi Villoresi
61%
1951 Alberto Ascari Jose Frolian Gonzalez Bonetto & Farina
61%
1949 Alberto Ascari Phillippe Etancelin B.Bira
61%
1924 Antonio Ascari Louis Wagner Giuseppe Campari
61%
1950 Guiseppe Farina Alberto Ascari Luigi Fagioli
61%
2005 Juan Pablo Montoya Fernando Alonso Giancarlo Fisichella
61%
2001 Juan Pablo Montoya Rubens Barrichelo Ralf Schumacher
61%
1979 Jody Scheckter Gilles Villeneuve Clay Regazzoni
59%
1997 David Coulthard Jean Alesi Heinz-Herald Frentzen
55%
1987 Nelson Piquet Ayrton Senna Nigel Mansell
55%
1986 Nelson Piquet Nigel Mansell Stefan Johansson
55%
1983 Nelson Piquet Rene Arnoux Eddie Cheever
55%
1968 Denny Hulme Johnny Servoz-Gavin Jacky Ickx
53%
1977 Mario Andretti Niki Lauda Alan Jones
53%
1999 Heinz-Harald Frentzen Ralf Schumacher Mika Salo
51%
1976 Ronnie Peterson Clay Regazzoni Jacques Laffite
47%
1974 Ronnie Peterson Emerosn Fittipaldi Jody Scheckter
47%
1973 Ronnie Peterson Emerson Fittipaldi Peter Revson
47%
1959 Stirling Moss Phil Hill Jack Brabham
45%
1957 Stirling Moss Juan Manuel Fangio Wolfgang Von Trips
45%
1956 Stirling Moss Peter Collins Juan Manuel Fangio
45%
1982 Rene Arnoux Patrick Tambay Mario Andretti
43%
2009 Rubens Barrichelo Jenson Button Kimi Raikkonen
41%
2004 Rubens Barrichelo Michael Schumacher Jenson Button
41%
2002 Rubens Barrichelo Michael Schumacher Eddie Irvine
41%
1967 John Surtees Jack Brabham Jim Clark
39%
1964 John Surtess Bruce McLaren Lorenzo Bandini
37%
1933 Luigi Fagioli Tazio Nuvolari Goffredo Zehender
29%
1934 Luigi Fagioli & Rudolf Caracciola Hans Stuck Carlo Felice Trossi
29%
1931 Giuseppe Campari & Tazio Nuvolari Minoia & Borzacchini Divo & Bouriat
24%
1995 Johnny Herbert Mika Hakkinen Heinz-Harald Frentzen
22%
1938 Tazio Nuvolari Giuseppe Farina Caracciola & Brauchitsch
22%
1932 Tazio Nuvolari Luigi Fagioli Baconin Borzacchini
22%
1958 Tony Brooks Mike Hawthorn Phil Hill
18%
1935 Hans Stuck Dreyfus & Nuvolari Pietsch & Rosemeyer
16%
1966 Ludovico Scarfiotti Mike Parkes Denny Hulme
14%
1971 Peter Gethin Ronnie Peterson Francois Cevert
12%
1936 Bernd Rosemeyer Tazio Nuvolari Ernst von Delius
10%
1925 Gastone Brilli-Peri Gastone Brilli-Peri Giuseppe Campari Giovanni Minozzi
8%
1975 Clay Reggazzoni Emerson Fittipaldi Niki Lauda
6%
1970 Clay Reggazzoni Jackie Stewart Jean-Pierre Beltoise
6%
1928 Louis Chiron Varzi & Campari Tazio Nuvolari
6%
1927 Robert Benoist Giuseppe Morandi Earl Cooper
6%
1923 Carlo Salamano Felice Nazzaro Jimmy Murphy
4%
1926 Louis Charavel Meo Constantini No other racers
4%
1922 Pietro Bordino Felice Nazzaro Pierre de Vizcaya
4%
No matching quizzes found
Score Distribution
Percent of People with Each Score
Percentile by Number Answered
Your Score History
You have not taken this quiz